[Event "Katernberg III - Sterkrade"]
[Site "?"]
[Date "2024.03.17"]
[Round "7.5"]
[White "Grewe, Ludger"]
[Black "Gallas, Noel"]
[Result "0-1"]
[WhiteElo "2122"]
[BlackElo "1981"]
[PlyCount "62"]
[EventDate "2024.??.??"]

1. e4 e6 2. d4 d5 3. Nc3 Nf6 4. Bd3 dxe4 5. Nxe4 Nxe4 6. Bxe4 c5 7. Nf3 Be7 8. Bf4 O-O 9. dxc5 Qa5+ 10. c3 Qxc5 11. O-O Nc6 12. Re1 Rd8 13. Qe2 Bd7 14. Rad1 Be8 15. Ne5 Bf6 16. Nc4 e5 17. Bxc6 Rxd1 18. Rxd1 Bxc6 19. Bxe5 Bxe5 20. Nxe5 Re8 21. Nd3 Qd5 22. Qf1 Qxa2 23. Rd2 Qd5 24. Rc2 a5 25. f3 Bb5 26. Rd2 Rd8 27. Qf2 Bxd3 28. Qb6 h6 29. g3 Re8 30. Qf2 Qb5 31. b3 Bg6 0-1

[Event "Katernberg III - Sterkrade"]
[Site "?"]
[Date "2024.03.17"]
[Round "7.7"]
[White "Herud, Martin"]
[Black "Geerlings, Gerd"]
[Result "1/2-1/2"]
[WhiteElo "1997"]
[BlackElo "2261"]
[PlyCount "144"]
[EventDate "2024.??.??"]

1. e4 c5 2. Nc3 Nc6 3. Nf3 e5 4. Bc4 d6 5. d3 Be7 6. h4 Bg4 7. Be3 Nd4 8. Bxd4 cxd4 9. Nd5 Nf6 10. c3 Nxd5 11. Bxd5 dxc3 12. bxc3 Qc7 13. Qb3 O-O 14. Ng5 Bf6 15. f3 Bc8 16. g4 Bxg5 17. hxg5 Qe7 18. g6 hxg6 19. Ke2 Be6 20. Rh3 g5 21. Rah1 g6 22. Bxe6 Qxe6 23. Rh8+ Kg7 24. Qxe6 fxe6 25. R8h7+ Kf6 26. Rxb7 d5 27. Ke3 a5 28. c4 dxc4 29. dxc4 Rac8 30. Rc1 Rc5 31. Rb5 Rfc8 32. Rxc5 Rxc5 33. Kd3 Ke7 34. Rb1 Rc7 35. Rb5 Rd7+ 36. Ke3 Rd4 37. c5 Ra4 38. Rb7+ Kd8 39. Rg7 Ra3+ 40. Kf2 Rxa2+ 41. Kg3 Rc2 42. Rxg6 Rxc5 43. Rxg5 a4 44. Rg8+ Ke7 45. Ra8 Rc4 46. g5 Kf7 47. Kg4 Kg6 48. Ra6 Kf7 49. Kh5 Rc3 50. Ra7+ Kf8 51. Rxa4 Rxf3 52. Kg6 Rf4 53. Ra8+ Ke7 54. Ra7+ Kf8 55. Ra4 Ke7 56. Kh7 Rh4+ 57. Kg7 Rf4 58. g6 Ke8 59. Ra8+ Ke7 60. Ra7+ Ke8 61. Ra8+ Ke7 62. Ra4 Ke8 63. Kg8 Rg4 64. g7 Rh4 65. Ra8+ Ke7 66. Rf8 Rh3 67. Rf7+ Ke8 68. Ra7 Rh4 69. Ra5 Rh5 70. Rb5 Ke7 71. Rb7+ Ke8 72. Rf7 Rh6 1/2-1/2

[Event "Katernberg III - Sterkrade"]
[Site "?"]
[Date "2024.03.17"]
[Round "7.8"]
[White "Sauer, Bernd"]
[Black "Finke, Tobias"]
[Result "0-1"]
[WhiteElo "1920"]
[BlackElo "2047"]
[PlyCount "102"]
[EventDate "2024.??.??"]

1. b4 d5 2. Bb2 Nf6 3. e3 e6 4. b5 a6 5. a4 c6 6. Nf3 axb5 7. axb5 Rxa1 8. Bxa1 Qa5 9. Nc3 Bd6 10. Be2 e5 11. bxc6 bxc6 12. O-O Qc7 13. h3 O-O 14. Bb2 Bf5 15. d3 Nbd7 16. Qc1 Rb8 17. Nd1 h6 18. c4 e4 19. dxe4 dxe4 20. Nd4 Bg6 21. Ba3 Nc5 22. Bxc5 Bxc5 23. Nc3 Rd8 24. Rd1 Ba7 25. Nc2 Re8 26. Rd2 Bb8 27. g3 Nd7 28. Qd1 Ne5 29. Nb4 Qa5 30. Nba2 Qc7 31. Nb4 Qe7 32. Qa4 Qe6 33. Kg2 h5 34. Na6 Bf5 35. Nxb8 Bxh3+ 36. Kh2 Rxb8 37. Nxe4 Qf5 38. c5 Bg4 39. f4 Bxe2 40. Rxe2 Ng4+ 41. Kg2 Qd5 42. Qd4 Rb3 43. Qxd5 cxd5 44. Ng5 f6 45. Ne6 Nxe3+ 46. Kf2 Nf5 47. Rd2 Nxg3 48. Rxd5 Ne4+ 49. Ke1 h4 50. Rd7 Re3+ 51. Kd1 Nf2+ 0-1

[Event "Langenfeld - Münster 3"]
[Site "?"]
[Date "2024.03.17"]
[Round "7.1"]
[White "Korth, Daniel"]
[Black "Rechmann, Peter"]
[Result "1-0"]
[WhiteElo "2164"]
[BlackElo "2228"]
[PlyCount "66"]
[EventDate "2024.??.??"]

1. d4 d5 2. c4 c6 3. cxd5 cxd5 4. Nc3 Nf6 5. Bf4 Nc6 6. e3 a6 7. Bd3 Bg4 8. Nge2 e6 9. O-O Bd6 10. Bxd6 Qxd6 11. Rc1 O-O 12. Na4 Nd7 13. f3 Bh5 14. Nf4 Bg6 15. Nxg6 hxg6 16. f4 Rfc8 17. Rf2 Ne7 18. Rfc2 Rxc2 19. Rxc2 Rc8 20. Rxc8+ Nxc8 21. Qc2 Ne7 22. a3 Nf6 23. h3 Ne8 24. Kf2 Qc6 25. Qxc6 Nxc6 26. Nc5 Nd6 27. b4 Kf8 28. Ke2 Ke7 29. Kd2 a5 30. Kc3 axb4+ 31. axb4 Kd8 32. b5 Na7 33. Kb4 Kc7 {ZÜ} 1-0

[Event "Langenfeld - Münster 3"]
[Site "?"]
[Date "2024.03.17"]
[Round "7.2"]
[White "Keller, Karsten"]
[Black "Becker, Stefan"]
[Result "1-0"]
[WhiteElo "2198"]
[BlackElo "2024"]
[PlyCount "127"]
[EventDate "2024.??.??"]

1. d4 d5 2. c4 c6 3. Nf3 Nf6 4. Qb3 dxc4 5. Qxc4 Bf5 6. g3 e6 7. Bg2 Be7 8. O-O O-O 9. Rd1 Nbd7 10. e3 Ne4 11. Nbd2 Qc7 12. Qe2 c5 13. Nh4 Bxh4 14. Nxe4 Be7 15. Nxc5 Nxc5 16. dxc5 Bxc5 17. Bd2 Qe7 18. Rac1 Rac8 19. Qb5 b6 20. b4 Bd6 21. a3 Rfd8 22. e4 Bg6 23. Rxc8 Rxc8 24. Qd3 Rd8 25. Bc3 Bc7 26. Qe2 Rxd1+ 27. Qxd1 f6 28. Qe2 Qd7 29. h4 h5 30. Bf3 Qc6 31. Bb2 Be5 32. Bxe5 fxe5 33. Bxh5 Bxh5 34. Qxh5 Qxe4 35. Qe8+ Kh7 36. Qh5+ Kg8 37. Qe8+ Kh7 38. Qxe6 Qe1+ 39. Kg2 Qe4+ 40. Kh2 Qf3 41. Qa2 b5 42. Qc2+ e4 43. Qc5 a6 44. Qe3 Qf5 45. Qf4 Qd5 46. g4 g6 47. Qc7+ Kh6 48. Kh3 Qd3+ 49. Qg3 Kg7 50. Qe3 Qf1+ 51. Kh2 Qd3 52. Kg2 Qd5 53. Qc5 Qd3 54. Qe3 Qd5 55. Kh3 Qd3 56. h5 gxh5 57. gxh5 Kh7 58. Kh4 Qd5 59. Qg5 Qc4 60. Qg6+ Kh8 61. Kg5 Qc1+ 62. Kf5 Qxa3 63. Qe8+ Kg7 64. h6+ 1-0

[Event "Langenfeld - Münster 3"]
[Site "?"]
[Date "2024.03.17"]
[Round "7.3"]
[White "Molinaroli, Martin"]
[Black "Reinemer, Frank"]
[Result "0-1"]
[WhiteElo "2108"]
[BlackElo "2080"]
[PlyCount "140"]
[EventDate "2024.??.??"]

1. b3 f5 2. Bb2 d6 3. d4 Nf6 4. Nf3 g6 5. g3 Bg7 6. Bg2 O-O 7. O-O h6 8. c4 g5 9. d5 c5 10. dxc6 bxc6 11. Nd4 Bd7 12. Qc2 Qc8 13. Nc3 Na6 14. e4 fxe4 15. Nxe4 Nxe4 16. Qxe4 Nc5 17. Qxe7 Be5 18. Rae1 Re8 19. Rxe5 Rxe7 20. Rxe7 Qf8 21. Rxd7 Nxd7 22. Bxc6 Ne5 23. Bd5+ Kh7 24. f4 gxf4 25. Rxf4 Qb8 26. Be4+ Kg8 27. Bd5+ Kh7 28. Kg2 a6 29. Nc6 Nxc6 30. Rf7+ Kg6 31. Rg7+ Kf5 32. Rf7+ Kg6 33. Rf6+ Kh7 34. Rf7+ Kg6 35. Rg7+ Kf5 36. g4+ Kf4 37. Bc1+ Ke5 38. Bb2+ Kf4 39. Bxc6 Ra7 40. Bc1+ Ke5 41. Bb2+ Kf4 42. Bc1+ Ke5 43. Rg6 Kd4 44. Bf4 Qf8 45. Bg3 Re7 46. Rxd6+ Kc3 47. c5 Re2+ 48. Kh3 Qf1+ 49. Kh4 Qc1 50. Bf3 Qg5+ 51. Kh3 Re3 52. Kg2 Qe7 53. c6 Qf8 54. c7 Qxf3+ 55. Kh3 Qb7 56. Rd7 h5 57. Kh4 Qc8 58. Rg7 Re7 59. Rg5 hxg4 60. Bf4 Rh7+ 61. Kg3 Rxc7 62. Bxc7 Qxc7+ 63. Kxg4 Qxh2 64. Ra5 Qf2 65. Ra4 Kb2 66. Kg5 a5 67. Kg4 Qd2 68. Kf3 Kb1 69. Ke4 Qxa2 70. Kd4 Qxb3 0-1

[Event "Langenfeld - Münster 3"]
[Site "?"]
[Date "2024.03.17"]
[Round "7.4"]
[White "Pejkovic, Patrick Slavko"]
[Black "Baumann, Stephan"]
[Result "0-1"]
[WhiteElo "2106"]
[BlackElo "2035"]
[PlyCount "100"]
[EventDate "2024.??.??"]

1. e4 e5 2. Nc3 Nf6 3. f4 d5 4. fxe5 Nxe4 5. Nf3 Be7 6. d3 Nxc3 7. bxc3 c5 8. Be2 Nc6 9. O-O Be6 10. Qe1 Qc7 11. Ng5 Bxg5 12. Bxg5 h6 13. Bd2 O-O-O 14. Bf3 g5 15. Bh5 Rdf8 16. Be3 Nxe5 17. Bxc5 Nxd3 18. cxd3 Qxc5+ 19. d4 Qc7 20. Rb1 Re8 21. Qd1 Kb8 22. Rb3 Re7 23. Rf2 Rhe8 24. Rf1 Bf5 25. Qf3 Be4 26. Qg3 Qxg3 27. hxg3 Bd3 28. Rxf7 Rxf7 29. Bxf7 Re1+ 30. Kh2 Be4 31. Bh5 Rf1 32. Bf3 Bxf3 33. gxf3 Rxf3 34. Rb5 Rxc3 35. Rxd5 Rc2+ 36. Kh3 Rxa2 37. Kg4 Kc7 38. Kf5 Re2 39. Kf6 b6 40. Re5 Rd2 41. Re7+ Kc6 42. Rxa7 Rxd4 43. Ke5 Rg4 44. Rh7 Rxg3 45. Rxh6+ Kc5 46. Ke4 b5 47. Rh8 Kc4 48. Rc8+ Kb3 49. Kd4 b4 50. Rb8 g4 0-1

[Event "Langenfeld - Münster 3"]
[Site "?"]
[Date "2024.03.17"]
[Round "7.5"]
[White "Seegers, Hendrik"]
[Black "Brochhagen, Thomas"]
[Result "1/2-1/2"]
[WhiteElo "2087"]
[BlackElo "1989"]
[PlyCount "87"]
[EventDate "2024.??.??"]

1. d4 c5 2. c3 Nf6 3. Nf3 e6 4. Bf4 Qb6 5. Qb3 Nc6 6. Qxb6 axb6 7. Nbd2 cxd4 8. Nxd4 Nxd4 9. cxd4 Nd5 10. Bg3 Nb4 11. Rc1 Nxa2 12. Ra1 d5 13. e3 Bd7 14. Bd3 Ra4 15. Ke2 b5 16. Nb3 Bc6 17. Bc7 Kd7 18. Bb6 Bd6 19. Nc5+ Bxc5 20. Bxc5 Rha8 21. Kd2 Nc3 22. Rxa4 Nxa4 23. Ra1 Ra6 24. Bf8 g6 25. Kc2 Nb6 26. Rb1 Nc4 27. g4 Ke8 28. Bc5 Kd7 29. h4 b6 30. Bb4 Ra4 31. Kc3 Nd6 32. f3 Ra8 33. h5 Nc4 34. e4 gxh5 35. gxh5 Rg8 36. Ra1 Na5 37. exd5 Bxd5 38. Bxb5+ Bc6 39. Bxa5 Bxb5 40. Bxb6 Kc6 41. Bc5 Rg3 42. Kb4 Rxf3 43. Ra8 Bd3 44. Ra3 1/2-1/2

[Event "Langenfeld - Münster 3"]
[Site "?"]
[Date "2024.03.17"]
[Round "7.6"]
[White "Wolfradt, Dirk"]
[Black "Ollech, Dirk"]
[Result "1-0"]
[WhiteElo "2112"]
[BlackElo "1966"]
[PlyCount "117"]
[EventDate "2024.??.??"]

1. d4 Nf6 2. Nf3 g6 3. c4 Bg7 4. Nc3 O-O 5. g3 d6 6. Bg2 c6 7. O-O Nbd7 8. Qc2 Qc7 9. h3 a6 10. a4 Rb8 11. c5 b6 12. cxd6 exd6 13. Bf4 Rd8 14. e4 Ne8 15. Rac1 Nf8 16. Qb3 Ne6 17. Nd5 Qa7 18. Rxc6 Nxd4 19. Nxd4 Bxd4 20. Bg5 Rd7 21. Rc2 Bb7 22. Ne7+ Kf8 23. Rd1 b5 24. Qd3 Bf6 25. Bxf6 Nxf6 26. Nc6 Bxc6 27. Rxc6 Re8 28. axb5 axb5 29. Qc3 Nh5 30. Rcxd6 Red8 31. Qh8+ Ke7 32. Qe5+ Kf8 33. g4 Ng7 34. Rxd7 Rxd7 35. Rc1 Qb7 36. Qc5+ Re7 37. Rd1 Ne6 38. Qe5 Kg8 39. Rd5 b4 40. Rb5 Qd7 41. Rb8+ Re8 42. Rxb4 Qd1+ 43. Bf1 Qd2 44. Rb7 Rf8 45. Qc3 Qd1 46. Qd3 Qc1 47. Qe3 Qd1 48. Kg2 g5 49. Bc4 Nf4+ 50. Kh2 Qd6 51. Qb6 Qe5 52. Qc7 Qf6 53. Qc5 Qh6 54. Bf1 Qf6 55. Qf5 Qh6 56. Rb5 f6 57. Rb7 Qh4 58. Qc5 h5 59. Bc4+ 1-0

[Event "Langenfeld - Münster 3"]
[Site "?"]
[Date "2024.03.17"]
[Round "7.7"]
[White "Meyer, Ulrich"]
[Black "Hendrichs, Udo"]
[Result "0-1"]
[WhiteElo "1891"]
[BlackElo "1999"]
[PlyCount "88"]
[EventDate "2024.??.??"]

1. e4 e6 2. d3 d5 3. Nd2 Nf6 4. Ngf3 Be7 5. g3 c5 6. Bg2 Nc6 7. O-O O-O 8. Re1 dxe4 9. dxe4 e5 10. c3 Qc7 11. Qc2 h6 12. Nf1 Be6 13. h3 Nh7 14. g4 Ng5 15. N3h2 Rad8 16. Ng3 Bc8 17. Be3 Ne6 18. Rad1 Bg5 19. Bxg5 hxg5 20. Nf3 Rxd1 21. Rxd1 Rd8 22. Rd5 f6 23. Bf1 Ne7 24. Bc4 Kh8 25. Rd2 Nf4 26. Kh2 Be6 27. Bxe6 Nxe6 28. Qd1 Rxd2 29. Qxd2 Nf4 30. Ng1 c4 31. Nf1 Neg6 32. Ne3 Nd3 33. f3 Nh4 34. Kg3 Qc5 35. b4 Qb6 36. Ne2 a6 37. Nc1 Nf4 38. Ne2 Kh7 39. Nc1 Qa7 40. Ne2 b5 41. Nc1 a5 42. a3 axb4 43. axb4 Qa1 44. Nd1 Qxc1 0-1

[Event "Langenfeld - Münster 3"]
[Site "?"]
[Date "2024.03.17"]
[Round "7.8"]
[White "Weber, Christian"]
[Black "Kaufhold, Thomas"]
[Result "1/2-1/2"]
[WhiteElo "1863"]
[BlackElo "2024"]
[PlyCount "49"]
[EventDate "2024.??.??"]

1. f4 Nf6 2. Nf3 d6 3. e3 g6 4. Be2 Bg7 5. d3 Nbd7 6. O-O O-O 7. e4 e5 8. Nc3 c6 9. Qe1 Re8 10. Kh1 exf4 11. Bxf4 d5 12. e5 Nh5 13. Bg5 f6 14. exf6 Bxf6 15. Qd2 Ng7 16. Rae1 Ne5 17. Bxf6 Qxf6 18. Nxe5 Qxe5 19. Bf3 Qd6 20. Rxe8+ Nxe8 21. Qg5 Bd7 22. h4 Ng7 23. h5 Rf8 24. hxg6 Qxg6 25. Qxg6 1/2-1/2

[Event "Holsterhausen - Erkenschwick 2"]
[Site "?"]
[Date "2024.03.17"]
[Round "7.1"]
[White "Homs, Guust"]
[Black "Schwalen, Peter"]
[Result "1-0"]
[WhiteElo "2148"]
[BlackElo "2103"]
[PlyCount "71"]
[EventDate "2024.??.??"]

1. e4 c5 2. c3 Nf6 3. e5 Nd5 4. d4 cxd4 5. Nf3 e6 6. cxd4 d6 7. a3 Be7 8. Bd3 Nc6 9. O-O dxe5 10. dxe5 h6 11. Qe2 Bd7 12. Qe4 Qc7 13. Nbd2 a6 14. Nc4 b5 15. Ne3 Nb6 16. Bd2 Na4 17. b4 Rc8 18. Rac1 Qb8 19. Rc2 Nb6 20. Rfc1 Nd8 21. Nd4 Rxc2 22. Rxc2 h5 23. f4 g6 24. Qf3 Kf8 25. Be4 Na4 26. Nd1 Kg7 27. Be3 Rf8 28. Qf2 f5 29. exf6+ Bxf6 30. Qg3 Be8 31. Nf3 Qd6 32. Rd2 Qc7 33. Nh4 Bxh4 34. Qxh4 Nf7 35. Bd4+ Kh6 36. Nf2 1-0

[Event "Holsterhausen - Erkenschwick 2"]
[Site "?"]
[Date "2024.03.17"]
[Round "7.2"]
[White "Walbaum, Klaus"]
[Black "Krings, Christoph"]
[Result "1-0"]
[WhiteElo "2114"]
[BlackElo "2170"]
[PlyCount "109"]
[EventDate "2024.??.??"]

1. d4 e6 2. e4 d5 3. Nd2 c5 4. Ngf3 Nc6 5. Bb5 a6 6. exd5 Qxd5 7. c4 Qd8 8. Bxc6+ bxc6 9. dxc5 Bxc5 10. O-O Nf6 11. Qc2 O-O 12. b3 Be7 13. Bb2 c5 14. Ng5 h6 15. Nge4 Bb7 16. Rad1 Nxe4 17. Nxe4 Qc7 18. Qc3 e5 19. Ng3 f6 20. Nf5 Be4 21. Qh3 Bxf5 22. Qxf5 Rad8 23. Rd5 Rxd5 24. cxd5 Bd6 25. Rc1 Re8 26. Qe4 Qa5 27. Qc2 Rb8 28. Bc3 Qb5 29. Bd2 Qb7 30. Qe4 Qd7 31. g3 f5 32. Qd3 Qb7 33. Qxf5 Qxd5 34. Be3 Bf8 35. Qg6 Rd8 36. Qxa6 Qf3 37. Qe6+ Kh8 38. Qxe5 Qa8 39. a4 Qb7 40. Qc3 Rd5 41. Qc4 Rd8 42. Bxc5 Bxc5 43. Qxc5 Qxb3 44. a5 Rd1+ 45. Rxd1 Qxd1+ 46. Kg2 Qa4 47. h4 Qa2 48. Qb6 Qd5+ 49. Kh2 Qf5 50. a6 Kh7 51. a7 Qf3 52. Qb1+ g6 53. Qb6 g5 54. Qb1+ Kg7 55. Qa1+ 1-0

[Event "Holsterhausen - Erkenschwick 2"]
[Site "?"]
[Date "2024.03.17"]
[Round "7.3"]
[White "Trzaska, Peter"]
[Black "Sicars, Thorsten"]
[Result "1/2-1/2"]
[WhiteElo "2079"]
[BlackElo "2001"]
[PlyCount "90"]
[EventDate "2024.??.??"]

1. c4 c6 2. e4 d5 3. exd5 cxd5 4. cxd5 Nf6 5. d4 Nxd5 6. Nf3 Nc6 7. Nc3 g6 8. Bc4 Nb6 9. Bb3 Bg7 10. Be3 O-O 11. h3 Na5 12. O-O Nac4 13. Qe2 Nd6 14. Ne5 Bd7 15. a4 a5 16. Rfd1 Rc8 17. Qf3 e6 18. Nxd7 Qxd7 19. d5 Nbc4 20. dxe6 Qxe6 21. Bf4 Be5 22. Nb5 Nxb5 23. axb5 Qf6 24. Bxe5 Qxe5 25. Qd5 Qxd5 26. Rxd5 Nb6 27. Rd6 Nc4 28. Rd7 b6 29. Rb7 Nd2 30. Bd5 Rc5 31. Bc6 Nc4 32. Rc1 Nd6 33. Rxc5 Nxb7 34. Re5 Nd6 35. Re7 Rd8 36. Ra7 Kg7 37. f4 h6 38. b3 Kf6 39. Kf2 Ke6 40. Ra6 Rb8 41. g4 g5 42. Kf3 Nc8 43. b4 axb4 44. Ra4 Ne7 45. Be4 Nd5 1/2-1/2

[Event "Holsterhausen - Erkenschwick 2"]
[Site "?"]
[Date "2024.03.17"]
[Round "7.4"]
[White "Bobzin, Pierre"]
[Black "Eggenstein, Frank"]
[Result "1/2-1/2"]
[WhiteElo "2089"]
[BlackElo "1980"]
[PlyCount "70"]
[EventDate "2024.??.??"]

1. Nf3 d5 2. g3 e6 3. Bg2 c5 4. O-O Nc6 5. d3 Bd6 6. Nbd2 Nge7 7. e4 Bd7 8. Re1 Qc7 9. Qe2 f6 10. c3 d4 11. Nc4 e5 12. cxd4 cxd4 13. Nxd6+ Qxd6 14. Bd2 O-O 15. Rec1 Rfc8 16. a3 Be6 17. b4 a6 18. Be1 Na7 19. Qb2 Rxc1 20. Rxc1 Rc8 21. Rxc8+ Nexc8 22. Nd2 Nb6 23. Bf3 Qc6 24. Bd1 Na4 25. Bxa4 Qxa4 26. Qc1 Nb5 27. f4 Nc3 28. Kf2 Qc6 29. Qa1 Na2 30. Qb1 Nc3 31. Qa1 Bf7 32. Nf3 Na4 33. Qb1 Nc3 34. Qa1 Na4 35. Qb1 Nc3 1/2-1/2

[Event "Holsterhausen - Erkenschwick 2"]
[Site "?"]
[Date "2024.03.17"]
[Round "7.5"]
[White "Strozewski, Frank"]
[Black "Lindenmaier, Reinhard"]
[Result "0-1"]
[WhiteElo "2029"]
[BlackElo "2028"]
[PlyCount "100"]
[EventDate "2024.??.??"]

1. c4 c5 2. Nc3 Nc6 3. g3 g6 4. Bg2 Bg7 5. d3 e5 6. e4 Nge7 7. Nge2 O-O 8. O-O d6 9. h3 f5 10. f4 fxe4 11. Nxe4 Rb8 12. Rb1 a6 13. Kh2 h6 14. Be3 Kh7 15. Qd2 Nf5 16. Bg1 Be6 17. Rbe1 Qd7 18. fxe5 Nxe5 19. b3 Nc6 20. N4c3 Rbe8 21. Nf4 Bf7 22. Be4 Kg8 23. Ncd5 Ncd4 24. Bxd4 cxd4 25. Nh5 Bxd5 26. Bxd5+ Kh7 27. Nxg7 Qxg7 28. Rxe8 Rxe8 29. g4 Ne3 30. Rf7 Qxf7 31. Bxf7 Nf1+ 32. Kg2 Nxd2 33. Bxe8 Kg7 34. b4 Nb1 35. Kf3 Nc3 36. a3 b6 37. h4 Kf6 38. Kf4 g5+ 39. hxg5+ hxg5+ 40. Kf3 Ke5 41. Bc6 Nb1 42. a4 a5 43. bxa5 bxa5 44. Ke2 Nc3+ 45. Kd2 Kf4 46. Bd7 Kf3 47. Kc2 Ke3 48. Bc6 Na2 49. Bb5 Nb4+ 50. Kd1 Nxd3 0-1

[Event "Holsterhausen - Erkenschwick 2"]
[Site "?"]
[Date "2024.03.17"]
[Round "7.6"]
[White "Heidarnezhad, Ben-Ali"]
[Black "Riechenberg, Maximilian"]
[Result "1/2-1/2"]
[WhiteElo "1969"]
[BlackElo "1950"]
[PlyCount "67"]
[EventDate "2024.??.??"]

1. e4 e5 2. Nf3 Nc6 3. Bc4 Bc5 4. c3 Nf6 5. d4 exd4 6. O-O Nxe4 7. cxd4 d5 8. dxc5 dxc4 9. Qe2 Qe7 10. Re1 Nxc5 11. Qxc4 Be6 12. Qc3 O-O-O 13. Be3 Nd3 14. Rf1 Qb4 15. b3 Qxc3 16. Nxc3 f6 17. Nb5 Bg4 18. Nfd4 Nxd4 19. Nxd4 c5 20. Nb5 a6 21. Nc3 Rhe8 22. h3 Bh5 23. Na4 Re5 24. g4 Bf7 25. Rfd1 b5 26. Nxc5 Nxc5 27. Rdc1 Kb7 28. Bxc5 Rd3 29. Be3 Red5 30. Bf4 Rd7 31. Kh2 h5 32. gxh5 Bxh5 33. Rc5 Bd1 34. Rxd1 1/2-1/2

[Event "Holsterhausen - Erkenschwick 2"]
[Site "?"]
[Date "2024.03.17"]
[Round "7.7"]
[White "Riechenberg, Sebastian"]
[Black "Billaudelle, Frank"]
[Result "1-0"]
[WhiteElo "1878"]
[BlackElo "1911"]
[PlyCount "59"]
[EventDate "2024.??.??"]

1. e4 e5 2. Nf3 Nf6 3. Nc3 Bb4 4. Bd3 Nc6 5. O-O O-O 6. Re1 a6 7. Bf1 Bc5 8. Nxe5 Nxe5 9. d4 Bd6 10. dxe5 Bxe5 11. f4 Bxc3 12. bxc3 d5 13. e5 Ne4 14. c4 c6 15. cxd5 Nc3 16. Qd4 Nxd5 17. Ba3 Re8 18. c4 Nb6 19. Bd6 Na4 20. Bd3 c5 21. Qe4 g6 22. Qf3 Qh4 23. Be4 Ra7 24. Rf1 b5 25. cxb5 axb5 26. Bc6 Bd7 27. Bxd7 Rxd7 28. Qc6 Qg4 29. Qxb5 Rxd6 30. Qxe8+ 1-0

[Event "Raesfeld - Sterkrade"]
[Site "?"]
[Date "2024.04.14"]
[Round "8.1"]
[White "Bashirov, Kemal"]
[Black "Wilger, Frank"]
[Result "0-1"]
[WhiteElo "2386"]
[BlackElo "2116"]
[PlyCount "106"]
[EventDate "2024.??.??"]

1. e4 c5 2. Nf3 e6 3. d4 cxd4 4. Nxd4 a6 5. Nc3 Nc6 6. g3 d6 7. Bg2 Be7 8. O-O Nf6 9. Nxc6 bxc6 10. e5 Nd5 11. exd6 Qxd6 12. Ne4 Qd7 13. c4 Nf6 14. Qa4 Nxe4 15. Bxe4 Bb7 16. Bf4 O-O 17. Rfd1 Qc8 18. Bd6 Bxd6 19. Rxd6 c5 20. Bc6 h6 21. Rad1 Qc7 22. b3 Rfc8 23. Bxb7 Qxb7 24. Rd7 Qe4 25. Qa5 Qe2 26. R1d6 h5 27. h4 Qe4 28. Qd2 Qb1+ 29. Kg2 Qe4+ 30. Kh2 Qf5 31. Rd3 Qe4 32. Qg5 Qf5 33. Qxf5 exf5 34. R3d5 g6 35. Re5 Rc6 36. Ree7 Rf6 37. Rc7 Rd8 38. Re2 f4 39. Rxc5 f3 40. Rc2 Re6 41. Rc3 Rf6 42. Rd5 Re8 43. g4 hxg4 44. c5 Rc6 45. Kg3 Re4 46. Rg5 f5 47. h5 Kg7 48. Rxg6+ Rxg6 49. hxg6 Kxg6 50. c6 Re8 51. c7 Rc8 52. b4 Kg5 53. Rc5 Rh8 0-1

[Event "Raesfeld - Sterkrade"]
[Site "?"]
[Date "2024.04.14"]
[Round "8.2"]
[White "Van de Oudeweetering, Raoul"]
[Black "Stricker, Florian"]
[Result "1/2-1/2"]
[WhiteElo "2189"]
[BlackElo "2172"]
[PlyCount "127"]
[EventDate "2024.??.??"]

1. e4 d6 2. d4 Nf6 3. Nc3 g6 4. f4 Bg7 5. Nf3 O-O 6. Bd3 Nc6 7. O-O e5 8. dxe5 dxe5 9. f5 Nb4 10. fxg6 hxg6 11. Bg5 Nxd3 12. cxd3 Qd6 13. Qd2 Nh5 14. Bh6 Bg4 15. h3 Bxf3 16. Rxf3 Rad8 17. Rd1 b5 18. g4 Nf4 19. Bxf4 exf4 20. Qxf4 Qxf4 21. Rxf4 c6 22. Rf3 Rd4 23. Kf1 Rfd8 24. Ke2 a5 25. Rc1 R8d6 26. b3 Rb4 27. Rc2 Be5 28. Nb1 a4 29. Nd2 Bf6 30. Rc5 Bd4 31. Rc2 Bf6 32. bxa4 Rxa4 33. Nb3 Be5 34. Nc5 Ra3 35. Nb3 b4 36. d4 Bxd4 37. Nxd4 Rxd4 38. Rxa3 bxa3 39. Ke3 Rd1 40. Rc3 c5 41. Rxa3 Rd4 42. g5 Kg7 43. Ra7 Rd1 44. Ra3 Rd4 45. Kf4 Rd2 46. Ra7 Rf2+ 47. Kg3 Rd2 48. Ra3 c4 49. Kf4 c3 50. Rxc3 Rxa2 51. Re3 Ra5 52. e5 Ra4+ 53. Re4 Ra6 54. e6 fxe6 55. Rb4 Ra5 56. Rb7+ Kf8 57. h4 Rf5+ 58. Kg4 Rf7 59. Rb4 Ra7 60. Rf4+ Kg7 61. Rb4 Kf8 62. Kf4 Ra5 63. Rb8+ Kf7 64. Rb7+ 1/2-1/2

[Event "Raesfeld - Sterkrade"]
[Site "?"]
[Date "2024.04.14"]
[Round "8.3"]
[White "Knudsen, Simon"]
[Black "Postma, Dinant"]
[Result "1-0"]
[WhiteElo "2231"]
[BlackElo "2142"]
[PlyCount "83"]
[EventDate "2024.??.??"]

1. e4 e5 2. Nf3 Nc6 3. Bc4 Nf6 4. Ng5 d5 5. exd5 b5 6. Bf1 Qxd5 7. Nc3 Qc5 8. Bxb5 Bg4 9. Nge4 Nxe4 10. Bxc6+ Qxc6 11. Qxg4 Nxc3 12. dxc3 h5 13. Qf3 Qxf3 14. gxf3 Bc5 15. Rg1 g6 16. Bg5 O-O 17. Ke2 Rfe8 18. Rad1 Bd6 19. h3 a5 20. a4 e4 21. Rd5 f5 22. Rgd1 Kf7 23. b3 exf3+ 24. Kxf3 Re5 25. Bf4 Rxd5 26. Rxd5 Ke6 27. c4 Ra6 28. Bxd6 cxd6 29. Kf4 Kf6 30. h4 Kf7 31. Kg5 Kg7 32. Rb5 Ra7 33. Rb6 Rd7 34. Ra6 f4 35. Kxf4 Rf7+ 36. Kg3 Kf6 37. Rxd6+ Kf5 38. f3 Re7 39. Rd5+ Kf6 40. Rxa5 Re2 41. Rb5 Rxc2 42. a5 1-0

[Event "Raesfeld - Sterkrade"]
[Site "?"]
[Date "2024.04.14"]
[Round "8.4"]
[White "Buendgen, Achim"]
[Black "Grewe, Ludger"]
[Result "1/2-1/2"]
[WhiteElo "2081"]
[BlackElo "2108"]
[PlyCount "133"]
[EventDate "2024.??.??"]

1. d4 Nf6 2. Bg5 Ne4 3. Bf4 d5 4. e3 c5 5. Bd3 cxd4 6. Bxe4 dxe4 7. exd4 Nc6 8. d5 Nb4 9. Nc3 e6 10. d6 Qa5 11. Qd2 Bd7 12. a3 Rc8 13. Nge2 Nd5 14. Bg3 g6 15. Qd4 Rg8 16. Qxe4 Nxc3 17. bxc3 Bc6 18. d7+ Kxd7 19. Qd4+ Qd5 20. Qf6 Qf5 21. Rd1+ Ke8 22. Qd4 Bc5 23. Qd2 Qe4 24. f3 Qe3 25. Qxe3 Bxe3 26. Be5 Bc5 27. Bd4 Bb5 28. Rb1 Ba6 29. Kd2 Ke7 30. Rhe1 Rgd8 31. Ke3 Rd7 32. Rb3 Bc4 33. Rbb1 a6 34. a4 f6 35. f4 Bxe2 36. Rxe2 Bxd4+ 37. cxd4 Rc3+ 38. Kd2 Rc4 39. Ke3 Rxa4 40. c3 Rc4 41. Kd3 Rdc7 42. Rb3 Kd7 43. g4 a5 44. f5 exf5 45. gxf5 a4 46. Ra3 b5 47. Rb2 Kc6 48. Rf2 Rf7 49. Ra1 g5 50. Re2 Kd5 51. Re8 Rcc7 52. Rd8+ Kc6 53. c4 bxc4+ 54. Kxc4 Ra7 55. Ra3 h5 56. Rc8+ Kd6 57. Re8 Rfc7+ 58. Kd3 Kd5 59. Rd8+ Kc6 60. Rf8 Rf7 61. Rxf7 Rxf7 62. Rxa4 Rb7 63. Ra6+ Rb6 64. Ra2 Kd5 65. Ra5+ Kd6 66. Ra2 Kd5 67. Ra5+ 1/2-1/2

[Event "Raesfeld - Sterkrade"]
[Site "?"]
[Date "2024.04.14"]
[Round "8.5"]
[White "Kuckling, Hannah"]
[Black "Gesing, Felix"]
[Result "1-0"]
[WhiteElo "2078"]
[BlackElo "2070"]
[PlyCount "59"]
[EventDate "2024.??.??"]

1. e4 d6 2. d4 Nf6 3. Nc3 Nbd7 4. Be3 e5 5. f4 c6 6. h3 Qa5 7. Bd3 exd4 8. Bxd4 d5 9. exd5 Nxd5 10. Qe2+ Kd8 11. O-O-O Bd6 12. Nxd5 cxd5 13. Kb1 Re8 14. Qf3 Nf6 15. Bxf6+ gxf6 16. Ne2 f5 17. Nd4 Be6 18. Nxf5 Bf8 19. Nd4 Bg7 20. Bxh7 Rc8 21. f5 Bxd4 22. Rxd4 Bd7 23. Rxd5 Re1+ 24. Rxe1 Qxe1+ 25. Rd1 Qe5 26. f6 Rc6 27. Bf5 Rd6 28. Bxd7 Kxd7 29. Qxb7+ Ke6 30. Qe7+ 1-0

[Event "Raesfeld - Sterkrade"]
[Site "?"]
[Date "2024.04.14"]
[Round "8.6"]
[White "Broemmel, Rudolf"]
[Black "Herud, Martin"]
[Result "1/2-1/2"]
[WhiteElo "1991"]
[BlackElo "2003"]
[PlyCount "58"]
[EventDate "2024.??.??"]

1. Nc3 c5 2. d4 cxd4 3. Qxd4 Nc6 4. Qh4 e5 5. Qxd8+ Kxd8 6. Bg5+ f6 7. Bd2 Bc5 8. Ne4 Bb6 9. Nd6 Ke7 10. Nc4 d5 11. Nxb6 axb6 12. e3 Nh6 13. c4 Be6 14. cxd5 Bxd5 15. a3 b5 16. Nf3 b4 17. a4 Ke6 18. Bb5 Rhc8 19. O-O Nf5 20. Rfc1 Nd6 21. Bxc6 Rxc6 22. Rxc6 Bxc6 23. Bxb4 Rxa4 24. Rxa4 Bxa4 25. Nd2 Nf5 26. Nb1 Bc6 27. Nc3 Nd6 28. f3 Nb5 29. Nxb5 Bxb5 1/2-1/2

[Event "Raesfeld - Sterkrade"]
[Site "?"]
[Date "2024.04.14"]
[Round "8.7"]
[White "Finke, Tobias"]
[Black "Beckmann, Klaus"]
[Result "1/2-1/2"]
[WhiteElo "2054"]
[BlackElo "2070"]
[PlyCount "42"]
[EventDate "2024.??.??"]

1. Nf3 Nf6 2. c4 e6 3. b3 d5 4. Bb2 c5 5. e3 Nc6 6. Be2 d4 7. d3 e5 8. O-O Bd6 9. Re1 O-O 10. Nbd2 Re8 11. a3 a5 12. exd4 exd4 13. Nf1 h6 14. Ng3 Qc7 15. Nd2 Bd7 16. Qc2 Re7 17. Bf3 Rae8 18. Rxe7 Rxe7 19. Rf1 Ne5 20. Re1 Nxf3+ 21. Nxf3 Rxe1+ 1/2-1/2